Statistiken für Schnellschreibtest - 100 WPM Challenge

Klicken Sie hier um das Quiz zu spielen!

Allgemein

  • Dieses Quiz wurde 6.401 mal gespielt
  • Das Durchschnittsergebnis liegt bei 4 aus 10

Antwortstatistiken

SatzRichtigWörterBuchstaben% Korrekt
Eine einzige Schwalbe macht noch keinen Sommer741
98%
Ich mache ihm ein Angebot, das er nicht ablehnen kann1043
90%
Franz jagt im komplett verwahrlosten Taxi quer durch Bayern951
66%
Wer reitet so spät durch Nacht und Wind832
59%
Wer sich nicht seiner Vergangenheit erinnert, ist verurteilt, sie zu wiederholen1168
21%
Wer unter euch ohne Sünde ist, der werfe den ersten Stein1146
14%
Einigkeit und Recht und Freiheit für das deutsche Vaterland951
6%
Die Welt ist eine Tankstelle, an der das Rauchen nicht verboten ist1255
3%
Wer im Porzellanhaus sitzt, sollte nicht mit Elefanten werfen952
3%
Es war ein bisschen die Hand Gottes und ein bisschen der Kopf von Maradona1461
2%

Verteilung der Resultate

Perzentil nach korrekt beantworteten Fragen

Anzahl Personen mit jedem Resultat

Ihre Resultats-Entwicklung

Sie haben dieses Quiz noch nicht gespielt